|
|
|
|
| LEADER |
01724cam a22003734a 4500 |
| 001 |
35636 |
| 003 |
BD-DhAAL |
| 005 |
20211206112212.0 |
| 008 |
200108t2003 caua b 001 0 eng d |
| 999 |
|
|
|c 42133
|d 42133
|
| 010 |
|
|
|a 2003000458
|
| 020 |
|
|
|a 0761946586
|
| 020 |
|
|
|a 0761946594 (pbk.)
|
| 020 |
|
|
|a 9780761946595
|
| 040 |
|
|
|a DLC
|c DLC
|d DLC
|d BD-DhAAL
|
| 042 |
|
|
|a pcc
|
| 043 |
|
|
|a n-us---
|
| 050 |
0 |
0 |
|a LB1573
|b .B424 2003
|
| 082 |
0 |
0 |
|a 371.9144
|2 21
|
| 100 |
1 |
|
|a Bender, William N.
|9 38867
|
| 245 |
1 |
0 |
|a Reading strategies for elementary students with learning difficulties /
|c William N. Bender, Martha J. Larkin.
|
| 260 |
|
|
|a Thousand Oaks, Calif. :
|b Corwin Press,
|c c2003.
|
| 300 |
|
|
|a xvii, 251 pages :
|b illustrations ;
|c 29 cm.
|
| 504 |
|
|
|a Includes bibliographical references and index.
|
| 505 |
0 |
|
|a The reading brain and literacy instruction -- Phonemic instruction: the critical emphasis in reading and literacy -- Phonics and word attack strategies -- Strategies for building vocabulary and reading fluency -- Gaining meaning from reading -- Reading comprehension in the content areas.
|
| 526 |
|
|
|a BIED
|
| 541 |
|
|
|a Complimentary copy from BIED
|e 35636
|
| 650 |
|
0 |
|a Reading (Elementary)
|z United States.
|9 38868
|
| 650 |
|
0 |
|a Learning disabled children
|x Education
|z United States.
|9 38869
|
| 650 |
|
0 |
|a Reading
|x Remedial teaching
|z United States.
|9 38870
|
| 700 |
1 |
|
|a Larkin, Martha J.
|9 38871
|
| 852 |
|
|
|a Ayesha Abed Library
|c BIED Collection
|
| 942 |
|
|
|2 ddc
|c BK
|
| 952 |
|
|
|0 0
|1 0
|2 ddc
|4 0
|6 371_914400000000000_BEN
|7 0
|9 67687
|a BRACUL
|b BRACUL
|c GEN
|d 2020-01-08
|e Complimentary copy from BIED
|l 0
|o 371.9144 BEN
|p 3010035636
|r 2020-01-08
|t 1
|w 2020-01-08
|y BK
|x Transferred from BIED to General Stacks
|